000 00549nam a2200205Ia 4500
003 OSt
005 20230507203727.0
008 210423s1998 xx 000 0 und d
040 _cAL
041 _aeng
082 _a150
_223
_bDASW
100 _aDAS (J P)
_999588
245 _aWorking mind: an introduction to psychology
260 _aNew Delhi
_bResponse Books
_c1998
365 _b395
_cINR
650 _aPhilosophy
_999589
650 _aPsychology
_999590
906 _aan ; introduction ; mind: ; psychology. ; Working
942 _2ddc
_cBK
999 _c171442
_d171442